Oxford junior thesaurus
| Other Authors: | |
|---|---|
| Format: | Book |
| Published: |
New York :
Oxford University Press ,
2002
|
| Subjects: |
MARC
| LEADER | 00000cam a2200000 7i4500 | ||
|---|---|---|---|
| 001 | 0000018533 | ||
| 005 | 20080606.0 | ||
| 008 | 080606 | ||
| 020 | |a 0199109109 | ||
| 090 | 0 | 0 | |a 423.1 |b OXF |
| 245 | 1 | 0 | |a Oxford junior thesaurus |c Compiled by Alan Spooner. |
| 260 | |a New York : |b Oxford University Press , |c 2002 | ||
| 650 | 0 | |a English language synonyms | |
| 650 | 0 | |a English language |x Synonyms and antonyms | |
| 700 | 1 | |a Spooner, Alan | |
| 999 | |a 0001012616 |b Book |c REFERENCE |e Perbadanan Perpustakaan Awam Johor | ||
| 999 | |a 0001012617 |b Book |c REFERENCE |e Perbadanan Perpustakaan Awam Johor | ||